| 000 | 00504nam a2200193Ia 4500 | ||
|---|---|---|---|
| 003 | OSt | ||
| 005 | 20240913103031.0 | ||
| 008 | 240126s9999 xx 000 0 und d | ||
| 020 | _a9781847940933 | ||
| 040 | _c0 | ||
| 041 | _aEnglish | ||
| 082 | _a158.5 FIS;1 R | ||
| 100 | _aFisher, Roger. Ury, William. Patton, Bruce. | ||
| 245 | 0 | _aGetting to yes : negotiating an agreement without giving in | |
| 260 |
_bRandom House _aLondon |
||
| 300 | _axxvii, 204 | ||
| 440 | _aNULL | ||
| 942 |
_cLL _2ddc |
||
| 999 |
_c282883 _d282883 |
||